000
00324pam a2200145a 44500
008
230405s xxu||||| |||| 00| 0 eng d
041
_a
ENG
100
_a
KARDALE ASHA
245
_a
MOTHER TERESA
250
_a
3 1997
260
_a
PUNE
_b
RAJHUNS PUB PUNE
_c
300
_a
108
650
_a
OFFICIAL & GENERAL
906
_a
667
999
_c
266106
_d
266106